LEADER 00960nam0 2200289 450 001 000009174 005 20080609123155.0 010 $a88-7750-557-5 100 $a20080312d1999----km-y0itay50------ba 101 0 $aita 102 $aIT 105 $aa-------001yy 200 1 $aBiodiversità, estinzione e conservazione$efondamenti di conservazione biologica$fa cura di Renato Massa, Vittorio Ingegnoli$gprefazione di Danilo Mainardi 210 $aTorino$cUTET$dc1999 215 $aXXI, 518 p.$cill.$d24 cm 225 2 $aScienze ambientali 410 0$12001$aScienze ambientali 610 1 $aAmbiente naturali$aConservazione 676 $a333.9516$v21 702 1$aMassa,$bRenato 702 1$aIngegnoli,$bVittorio 702 1$aMainardi,$bVittorio 801 0$aIT$bUNIPARTHENOPE$c20080312$gRICA$2UNIMARC 912 $a000009174 951 $aP1 333-B/2$b40364$cPIST$d2008 996 $aBiodiversità estinzione e conservazione$9741536 997 $aUNIPARTHENOPE